[Event "Pardubice Kraj op-G"]
[Site "Pardubice"]
[Date "2020.09.24"]
[Round "8"]
[White "Joukl, Martin"]
[Black "Nikanova, Ekaterina"]
[Result "1/2-1/2"]
[WhiteElo "1483"]
[BlackElo "1984"]
[PlyCount "166"]
[EventDate "2020.09.23"]
[EventType "swiss (rapid)"]
[EventRounds "9"]
[EventCountry "CZE"]
[SourceTitle "CBM 198 Extra"]
[Source "ChessBase"]
[SourceDate "2020.11.30"]
[SourceVersion "1"]
[SourceVersionDate "2020.11.30"]
[SourceQuality "1"]

1. d4 Nf6 2. c4 e6 3. Nc3 Bb4 4. Nf3 c5 5. a3 Bxc3+ 6. bxc3 0-0 7. e3 d6 8. Bd3 Qe7 9. 0-0 e5 10. Be2 Nc6 11. Bb2 Na5 12. Nd2 b6 13. Bf3 e4 14. Be2 Ba6 15. Kh1 Rfe8 16. f3 exf3 17. Bxf3 Rad8 18. e4 Nxc4 19. Nxc4 Bxc4 20. Re1 Qc7 21. Bc1 h6 22. Bf4 b5 23. e5 dxe5 24. Bxe5 Qb6 25. Qc2 Nd5 26. Bxd5 Bxd5 27. Qf5 Qc6 28. Qg4 f6 29. Bf4 h5 30. Qg6 Be4 31. Qg3 h4 32. Qg4 f5 33. Qh3 cxd4 34. cxd4 Rxd4 35. Rac1 Rc4 36. Rxc4 bxc4 37. Qxh4 Bxg2+ 38. Kg1 Rxe1+ 39. Qxe1 Be4 40. Be3 c3 41. Kf2 c2 42. Qd2 Qd5 43. Qxd5+ Bxd5 44. Bc1 Be4 45. Ke3 Kf7 46. Kf4 Kf6 47. h4 Kg6 48. Kg3 Kh5 49. Bf4 a6 50. Bc1 Kg6 51. Kf4 Kf7 52. Ke5 g6 53. Kf4 Bd3 54. Kg5 Be2 55. Kf4 Ke6 56. Ke3 Bd1 57. Kd4 Kf6 58. Bg5+ Ke6 59. Bf4 Kd7 60. Bg5 Kc6 61. Kc4 a5 62. Bd2 Kb6 63. Be3+ Ka6 64. Kc5 Be2 65. Bd2 Bd3 66. Kd4 Be4 67. Kc5 Bf3 68. Bc1 Be2 69. Bd2 Bg4 70. Bc1 Bd1 71. Bd2 Be2 72. Bc1 Bd1 73. Bd2 a4 74. Kb4 Kb6 75. Be3+ Ka6 76. Bc1 Bf3 77. Kxa4 Be4 78. Kb4 Bf3 79. a4 Bg4 80. a5 Bh5 81. Bd2 Bf3 82. Bc1 Be4 83. Bd2 Bd5 1/2-1/2

[Event "CZE-chT2D 1920"]
[Site "Czech Republic"]
[Date "2019.10.13"]
[Round "1.8"]
[White "Stary, Lukas"]
[Black "Joukl, Martin"]
[Result "1-0"]
[WhiteElo "1864"]
[BlackElo "1512"]
[PlyCount "43"]
[EventDate "2019.10.13"]
[EventType "team-tourn"]
[EventRounds "11"]
[EventCountry "CZE"]
[SourceTitle "EXT 2024"]
[Source "ChessBase"]
[SourceDate "2023.10.10"]
[SourceVersion "1"]
[SourceVersionDate "2023.10.10"]
[SourceQuality "1"]
[WhiteTeam "Polabiny III"]
[BlackTeam "Pardubice Rapid"]
[WhiteTeamCountry "CZE"]
[BlackTeamCountry "CZE"]

1. d4 d5 2. Bf4 Nf6 3. e3 e6 4. Nd2 Bd6 5. Bg3 c5 6. c3 0-0 7. Ngf3 b6 8. Bd3 Bb7 9. 0-0 Re8 10. Ne5 Nc6 11. e4 cxd4 12. Nxc6 Bxc6 13. e5 dxc3 14. bxc3 d4 15. cxd4 Bb4 16. exf6 Qxd4 17. Nc4 Rad8 18. Ne5 Bb7 19. Bxh7+ Kxh7 20. Qh5+ Kg8 21. Qxf7+ Kh7 22. Qxg7# 1-0

[Event "Pardubice Czech op-D 28th"]
[Site "Pardubice"]
[Date "2017.07.26"]
[Round "6"]
[White "Schmidt, Paul"]
[Black "Joukl, Martin"]
[Result "0-1"]
[WhiteElo "1460"]
[BlackElo "1688"]
[PlyCount "52"]
[EventDate "2017.07.22"]
[EventType "swiss"]
[EventRounds "9"]
[EventCountry "CZE"]
[SourceTitle "CBM 179 Extra"]
[Source "ChessBase"]
[SourceDate "2017.08.23"]
[SourceVersion "1"]
[SourceVersionDate "2017.08.23"]
[SourceQuality "1"]

1. d4 d5 2. c4 e6 3. Nc3 Nf6 4. e3 g6 5. Nf3 Bg7 6. Bd3 Nbd7 7. 0-0 0-0 8. b3 b6 9. Bb2 Bb7 10. Qe2 c5 11. Rfd1 Re8 12. dxc5 bxc5 13. cxd5 exd5 14. Ba6 Qb6 15. Bxb7 Qxb7 16. Qc2 Rac8 17. Rd2 Ne5 18. Nxe5 Rxe5 19. Rad1 Rg5 20. g3 Rh5 21. f3 Re8 22. Re2 Rf5 23. f4 Ng4 24. Rde1 d4 25. e4 dxc3 26. exf5 Bd4+ 0-1